[Event "ISR-chT"]
[Site "Israel"]
[Date "2024.02.17"]
[Round "8.20"]
[White "Tifferet, Shaked"]
[Black "Rodshtein, Maxim"]
[Result "0-1"]
[WhiteElo "2307"]
[BlackElo "2590"]
[PlyCount "138"]
[EventDate "2024.01.10"]
[EventType "team-tourn"]
[EventRounds "11"]
[EventCountry "ISR"]
[SourceTitle "CB09_2024"]
[SourceDate "2024.02.28"]
[SourceVersion "1"]
[SourceVersionDate "2024.02.28"]
[SourceQuality "1"]
[WhiteTeam "Herzliya Haim"]
[BlackTeam "Rishon Le Zion"]
[WhiteTeamCountry "ISR"]
[BlackTeamCountry "ISR"]

1. e4 c5 2. Nf3 d6 3. Bb5+ Bd7 4. Bxd7+ Qxd7 5. c4 e5 6. Nc3 Nc6 7. d3 Be7 8. 0-0 Bd8 9. a3 Nge7 10. Rb1 0-0 11. b4 f5 12. exf5 Nxf5 13. bxc5 dxc5 14. Nd5 Nfe7 15. Nxe7+ Bxe7 16. Qe2 Bf6 17. Bb2 Rad8 18. Rbd1 Rfe8 19. Rfe1 Re6 20. Qe4 b6 21. h3 Rde8 22. Nh2 Qf7 23. Ng4 Bg5 24. Qd5 Rd8 25. Qe4 Rde8 26. Qd5 Bf4 27. Qf3 h5 28. Ne3 e4 29. Qe2 Bh6 30. Nc2 exd3 31. Qxd3 Rd8 32. Qf1 Rxd1 33. Rxd1 Re4 34. Rd6 Qxc4 35. Qd1 Re6 36. Rxe6 Qxe6 37. Qxh5 Ne7 38. Qf3 Qa2 39. Qa8+ Kf7 40. Qf3+ Ke8 41. Qa8+ Kf7 42. Qf3+ Kg8 43. Qa8+ Kh7 44. Qe4+ Ng6 45. Bc3 Qb3 46. Be1 c4 47. Nb4 a5 48. h4 Qd1 49. g4 Bf4 50. f3 Bg3 51. Nc2 Bxh4 52. a4 Bxe1 53. Nxe1 Qxa4 54. f4 Qd7 55. f5 Nh4 56. f6+ Ng6 57. Nf3 gxf6 58. Nh4 Qd1+ 59. Kf2 Qd2+ 60. Kg1 Qd3 61. Qb7+ Kh6 62. Nf5+ Kg5 63. Qh7 Qd1+ 64. Kf2 Qxg4 65. Ne3 Qf4+ 66. Ke2 Qe4 67. Qg7 b5 68. Qc7 Qd3+ 69. Kf2 Qd2+ 0-1

[Event "ISR-chT"]
[Site "Israel"]
[Date "2024.02.09"]
[Round "5.2"]
[White "Tzidkiya, Yeshaayahu"]
[Black "Tifferet, Shaked"]
[Result "1-0"]
[WhiteElo "2473"]
[BlackElo "2307"]
[PlyCount "61"]
[EventDate "2024.01.10"]
[EventType "team-tourn"]
[EventRounds "11"]
[EventCountry "ISR"]
[SourceTitle "CB09_2024"]
[SourceDate "2024.02.28"]
[SourceVersion "1"]
[SourceVersionDate "2024.02.28"]
[SourceQuality "1"]
[WhiteTeam "Petach Tikva"]
[BlackTeam "Herzliya Haim"]
[WhiteTeamCountry "ISR"]
[BlackTeamCountry "ISR"]

1. e4 c5 2. Nf3 e6 3. d4 cxd4 4. Nxd4 a6 5. Nc3 b5 6. g3 Nf6 7. Bg2 Bb7 8. 0-0 b4 9. Na4 Bxe4 10. Bxe4 Nxe4 11. c3 bxc3 12. Re1 Nf6 13. Qf3 d5 14. bxc3 Qa5 15. Bg5 Nbd7 16. Qf5 Ba3 17. Nxe6 fxe6 18. Rxe6+ Kf7 19. Nb6 Qxb6 20. Rxb6 Nxb6 21. Bxf6 gxf6 22. Re1 Rab8 23. c4 dxc4 24. Re3 c3 25. Qe6+ Kg7 26. Rxc3 Bb2 27. Rc7+ Kh6 28. Qh3+ Kg6 29. Qg4+ Kh6 30. Qf4+ Kg6 31. g4 1-0

[Event "Titled Tuesday intern op 16th Jan Early"]
[Site "Chess.com INT"]
[Date "2024.01.16"]
[Round "5"]
[White "Filipovic, Slobodan J"]
[Black "Tifferet, Shaked"]
[Result "1-0"]
[WhiteElo "2191"]
[BlackElo "2334"]
[PlyCount "101"]
[EventDate "2024.01.16"]
[EventType "swiss (blitz)"]
[EventRounds "11"]
[EventCountry "USA"]
[SourceTitle "CB04_2024"]
[SourceDate "2023.10.16"]
[SourceVersion "1"]
[SourceVersionDate "2023.10.16"]
[SourceQuality "1"]

1. c4 b6 2. d4 Bb7 3. a3 e6 4. Nc3 f5 5. Nf3 Nf6 6. g3 Be7 7. Bg2 Ne4 8. Nxe4 Bxe4 9. 0-0 Bf6 10. b4 Nc6 11. Bb2 a5 12. b5 Ne7 13. e3 h5 14. h4 Ng6 15. Ne1 Bxg2 16. Nxg2 Ne7 17. Nf4 g5 18. hxg5 Bxg5 19. Kg2 Bxf4 20. exf4 Ng6 21. d5 Rh7 22. Rh1 h4 23. Qf3 Kf7 24. Rae1 Qg8 25. dxe6+ dxe6 26. Rxe6 hxg3 27. Rf6+ Ke7 28. Re1+ Ne5 29. Rxe5+ Kxf6 30. Re8+ Kf7 31. Rxg8 Rxg8 32. fxg3 Rd8 33. Bc3 Rh6 34. Qe3 Re6 35. Qf3 Re4 36. Qh5+ Ke7 37. Qxf5 Rxc4 38. Bf6+ Kd6 39. Bxd8 Rc5 40. Qe4 Kd7 41. Qe7+ Kc8 42. Qe8 Kb7 43. a4 Rc4 44. f5 Rxa4 45. f6 Ra2+ 46. Kh3 a4 47. f7 a3 48. Qc6+ Ka7 49. Qxc7+ Ka8 50. f8Q Rf2 51. Bf6# 1-0

[Event "Titled Tuesday intern op 16th Jan Early"]
[Site "Chess.com INT"]
[Date "2024.01.16"]
[Round "4"]
[White "Tifferet, Shaked"]
[Black "Finek, Vaclav"]
[Result "0-1"]
[WhiteElo "2334"]
[BlackElo "2416"]
[PlyCount "120"]
[EventDate "2024.01.16"]
[EventType "swiss (blitz)"]
[EventRounds "11"]
[EventCountry "USA"]
[SourceTitle "CB04_2024"]
[SourceDate "2023.10.16"]
[SourceVersion "1"]
[SourceVersionDate "2023.10.16"]
[SourceQuality "1"]

1. d4 d5 2. Nc3 Nf6 3. Bf4 c5 4. e3 Bg4 5. f3 Bd7 6. dxc5 e6 7. b4 a5 8. a3 Na6 9. Bxa6 bxa6 10. Nge2 axb4 11. axb4 a5 12. Nd4 Nh5 13. Be5 f6 14. Bd6 Bxd6 15. cxd6 axb4 16. Rxa8 Qxa8 17. Ncb5 Kf7 18. g4 Qa5 19. Nc7 Qb6 20. gxh5 Qxd6 21. Ndb5 Qc5 22. Qd4 Qxd4 23. Nxd4 Rc8 24. Na6 e5 25. Ne2 Ra8 26. Kd2 Rxa6 27. Rb1 Ra4 28. Rb2 Bb5 29. Nc1 Bc4 30. Nd3 Bxd3 31. cxd3 Ke6 32. e4 d4 33. Kc2 Kd6 34. h4 Kc5 35. Kd2 Ra3 36. Rc2+ Rc3 37. Rb2 b3 38. Kd1 Rxd3+ 39. Ke2 Re3+ 40. Kf2 Kb4 41. Kg3 Kc3 42. Rg2 b2 43. Rg1 Kc2 44. h6 gxh6 45. Kg4 b1Q 46. Rxb1 Kxb1 47. Kh5 Rxf3 48. Kxh6 Rf4 49. h5 Rh4 50. Kg7 Rxh5 51. Kxf6 Kc2 52. Kg7 Kd3 53. Kf6 Kxe4 54. Ke6 Kf4 55. Kf6 e4 56. Kg7 Rg5+ 57. Kh8 e3 58. Kxh7 e2 59. Kh6 e1Q 60. Kh7 Qh4# 0-1

[Event "Titled Tuesday intern op 09th Jan Early"]
[Site "Chess.com INT"]
[Date "2024.01.09"]
[Round "3"]
[White "Teillet, Benoit"]
[Black "Tifferet, Shaked"]
[Result "0-1"]
[WhiteElo "2218"]
[BlackElo "2334"]
[PlyCount "88"]
[EventDate "2024.01.09"]
[EventType "swiss (blitz)"]
[EventRounds "11"]
[EventCountry "USA"]
[SourceTitle "CB03_2024"]
[SourceDate "2024.01.17"]
[SourceVersion "1"]
[SourceVersionDate "2024.01.17"]
[SourceQuality "1"]

1. b4 b5 2. Bb2 Bb7 3. e3 a6 4. Nf3 e6 5. a3 Nf6 6. Be2 Be7 7. 0-0 0-0 8. c4 bxc4 9. Bxc4 c5 10. bxc5 Bxc5 11. d4 Be7 12. Nbd2 d5 13. Bd3 Nbd7 14. Rc1 Rb8 15. Nb3 Qb6 16. Rb1 Bc6 17. Nbd2 Qa5 18. Ne5 Ba4 19. Qe2 Nxe5 20. dxe5 Nd7 21. Nf3 Rfc8 22. Nd4 Nc5 23. Rfc1 Nxd3 24. Rxc8+ Rxc8 25. Qxd3 g6 26. h3 Bc5 27. Nb3 Bxb3 28. Qxb3 Qb6 29. Qxb6 Bxb6 30. Bc1 Bc7 31. f4 Ba5 32. Kf2 Rc2+ 33. Kf3 h5 34. g4 h4 35. g5 Be1 36. a4 Rf2+ 37. Kg4 Kg7 38. Rb2 Rf1 39. Rc2 Rg1+ 40. Kf3 Rg3+ 41. Ke2 Bb4 42. Rc6 a5 43. Bb2 Rg2+ 44. Kd3 Rd2# 0-1

[Event "Titled Tuesday intern op 19th Dec Early"]
[Site "Chess.com INT"]
[Date "2023.12.19"]
[Round "6"]
[White "Adla, Diego Gustavo"]
[Black "Tifferet, Shaked"]
[Result "1/2-1/2"]
[WhiteElo "2383"]
[BlackElo "2334"]
[PlyCount "113"]
[EventDate "2023.12.19"]
[EventType "swiss (blitz)"]
[EventRounds "11"]
[EventCountry "USA"]
[SourceTitle "CB52_2023"]
[SourceDate "2023.12.27"]
[SourceVersion "1"]
[SourceVersionDate "2023.12.27"]
[SourceQuality "1"]

1. e4 c5 2. Nf3 Nc6 3. d4 cxd4 4. Nxd4 e5 5. Nb5 Nf6 6. N1c3 a6 7. Nd6+ Bxd6 8. Qxd6 Qe7 9. Qxe7+ Kxe7 10. Bg5 Nd4 11. Nd5+ Kd6 12. Nxf6 Nxc2+ 13. Kd2 Nxa1 14. Nd5 f6 15. Be3 b5 16. Bd3 Bb7 17. f3 Rac8 18. Rxa1 Bxd5 19. exd5 Kxd5 20. a3 Ke6 21. a4 Ra8 22. b4 d5 23. Bc5 f5 24. g3 h5 25. axb5 axb5 26. Ra5 Rhc8 27. Rxb5 e4 28. fxe4 fxe4 29. Be2 Ke5 30. Rb7 Ra2+ 31. Ke1 Re8 32. Bxh5 Ra1+ 33. Kd2 Rea8 34. b5 R8a2+ 35. Kc3 Rc1+ 36. Kb3 Rac2 37. Bb4 Kd4 38. Rd7 Rc4 39. Ba3 Rb1+ 40. Bb2+ Ke3 41. Rxd5 Rc8 42. b6 Re1 43. Rb5 Rb8 44. b7 Rd1 45. Bxd1 Kd2 46. Bc2 e3 47. Be4 e2 48. Bc3+ Ke3 49. Bc6 Rd8 50. Re5+ Kf2 51. Re7 Rb8 52. Kc4 g6 53. Kc5 g5 54. Kb6 g4 55. Kc7 Rd8 56. Kxd8 e1Q 57. Rxe1 1/2-1/2

[Event "Titled Tuesday intern op 19th Dec Early"]
[Site "Chess.com INT"]
[Date "2023.12.19"]
[Round "3"]
[White "Golubenko, Valentina"]
[Black "Tifferet, Shaked"]
[Result "0-1"]
[WhiteElo "2209"]
[BlackElo "2334"]
[PlyCount "126"]
[EventDate "2023.12.19"]
[EventType "swiss (blitz)"]
[EventRounds "11"]
[EventCountry "USA"]
[SourceTitle "CB52_2023"]
[SourceDate "2023.12.27"]
[SourceVersion "1"]
[SourceVersionDate "2023.12.27"]
[SourceQuality "1"]

1. d4 e6 2. g3 Nf6 3. Bg2 c5 4. Nf3 cxd4 5. Nxd4 Nc6 6. Nxc6 dxc6 7. 0-0 Qxd1 8. Rxd1 Bc5 9. Nc3 0-0 10. Bg5 Ng4 11. Ne4 Bb6 12. h3 f5 13. Be7 Rf7 14. Bc5 fxe4 15. Bxb6 axb6 16. hxg4 e5 17. Bxe4 Bxg4 18. Bd3 Be6 19. Be4 g6 20. b3 b5 21. Rd6 Re7 22. a4 bxa4 23. Rxa4 Rxa4 24. bxa4 Kf7 25. a5 Rd7 26. Rxd7+ Bxd7 27. Bd3 Bc8 28. Kg2 Ke6 29. Bc4+ Kd6 30. Bg8 h6 31. Bf7 g5 32. Kf3 Bf5 33. Bb3 Kc5 34. e4 Bd7 35. Ke3 Kb4 36. f4 gxf4+ 37. gxf4 exf4+ 38. Kxf4 Kxa5 39. e5 c5 40. e6 Be8 41. Ke5 b5 42. Bd5 Kb4 43. Kd6 Kc3 44. Be4 c4 45. e7 b4 46. Kc7 h5 47. Kd8 Ba4 48. e8Q Bxe8 49. Kxe8 b3 50. cxb3 cxb3 51. Kf7 h4 52. Kf6 h3 53. Kf5 h2 54. Kf4 b2 55. Kg3 h1Q 56. Bxh1 b1Q 57. Bf3 Qc1 58. Kf2 Qd2+ 59. Kg3 Kd4 60. Kg4 Qe3 61. Kg3 Ke5 62. Kg4 Qf4+ 63. Kh3 Qxf3+ 0-1

[Event "Titled Tuesday intern op 19th Dec Early"]
[Site "Chess.com INT"]
[Date "2023.12.19"]
[Round "1"]
[White "Tifferet, Shaked"]
[Black "Demina, Marya"]
[Result "1-0"]
[WhiteElo "2334"]
[BlackElo "1936"]
[PlyCount "61"]
[EventDate "2023.12.19"]
[EventType "swiss (blitz)"]
[EventRounds "11"]
[EventCountry "USA"]
[SourceTitle "CB52_2023"]
[SourceDate "2023.12.27"]
[SourceVersion "1"]
[SourceVersionDate "2023.12.27"]
[SourceQuality "1"]

1. d4 Nf6 2. c4 c5 3. e3 cxd4 4. exd4 d5 5. Nc3 e6 6. Nf3 Be7 7. Bd3 dxc4 8. Bxc4 0-0 9. 0-0 a6 10. a4 Nc6 11. Re1 Re8 12. Bg5 h6 13. Bh4 Bd7 14. Rc1 Rc8 15. Ba2 Nb4 16. Bb1 Bc6 17. Ne5 Qb6 18. Bxf6 Bxf6 19. Qh5 Rf8 20. Rcd1 Rcd8 21. Ng4 Bxd4 22. Nxh6+ gxh6 23. Qxh6 Bxf2+ 24. Kh1 f5 25. Qxe6+ Kg7 26. Qe7+ Rf7 27. Qg5+ Kf8 28. Rxd8+ Qxd8 29. Qxd8+ Kg7 30. Qg5+ Kf8 31. Rf1 1-0

[Event "Titled Tuesday intern op 19th Dec Early"]
[Site "Chess.com INT"]
[Date "2023.12.19"]
[Round "7"]
[White "Tifferet, Shaked"]
[Black "Yaran, Siar"]
[Result "0-1"]
[WhiteElo "2334"]
[BlackElo "2272"]
[PlyCount "48"]
[EventDate "2023.12.19"]
[EventType "swiss (blitz)"]
[EventRounds "11"]
[EventCountry "USA"]
[SourceTitle "CB52_2023"]
[SourceDate "2023.12.27"]
[SourceVersion "1"]
[SourceVersionDate "2023.12.27"]
[SourceQuality "1"]

1. e4 e5 2. Nf3 Nc6 3. Nc3 Nf6 4. Be2 Be7 5. d4 d6 6. 0-0 0-0 7. d5 Nb8 8. a4 a5 9. h3 c6 10. Bg5 Nxd5 11. exd5 Bxg5 12. dxc6 Nxc6 13. Nxg5 Qxg5 14. Qxd6 Bxh3 15. Bf3 Nd4 16. Bxb7 Rad8 17. Qc5 Rd7 18. Be4 Bxg2 19. f4 Qg3 20. Bxg2 exf4 21. Qe5 Nxc2 22. Rf3 Qg6 23. Raf1 Ne3 24. Qxf4 Qxg2# 0-1

[Event "Titled Tuesday intern op 14th Nov Early"]
[Site "Chess.com INT"]
[Date "2023.11.14"]
[Round "10"]
[White "Mayaud, Raphael"]
[Black "Tifferet, Shaked"]
[Result "0-1"]
[WhiteElo "2183"]
[BlackElo "2334"]
[PlyCount "100"]
[EventDate "2023.11.14"]
[EventType "swiss (blitz)"]
[EventRounds "11"]
[EventCountry "USA"]
[SourceTitle "CB47_2023"]
[SourceDate "2023.11.22"]
[SourceVersion "1"]
[SourceVersionDate "2023.11.22"]
[SourceQuality "1"]

1. d4 e6 2. Nf3 b6 3. e4 Bb7 4. Bd3 c5 5. c3 Nf6 6. Qe2 d5 7. Nbd2 dxe4 8. Nxe4 Nxe4 9. Bxe4 Bxe4 10. Qxe4 Qd5 11. Qxd5 exd5 12. dxc5 bxc5 13. 0-0 Nd7 14. Rd1 Nb6 15. Bf4 f6 16. Bc7 Kd7 17. Bxb6 axb6 18. Rxd5+ Kc6 19. Rd2 Bd6 20. a3 g5 21. h3 h5 22. Rad1 Bc7 23. Ne1 g4 24. Rd7 gxh3 25. gxh3 Rae8 26. Rf7 Rhg8+ 27. Kf1 Rg6 28. Ng2 Reg8 29. Ne3 Bf4 30. Ke2 Re8 31. Kf3 Bxe3 32. fxe3 Re5 33. Rdd7 Rf5+ 34. Ke4 Re5+ 35. Kf4 Kb5 36. b3 c4 37. a4+ Kc5 38. b4+ Kc6 39. Rc7+ Kd6 40. Rb7 Ke6 41. Rfe7+ Kd6 42. Red7+ Ke6 43. Rdc7 Rf5+ 44. Ke4 Re5+ 45. Kd4 Kf5 46. Rxb6 Rg1 47. e4+ Rxe4+ 48. Kc5 Rg3 49. Kb5 Rxc3 50. Rxc4 Rcxc4 0-1

[Event "Titled Tuesday intern op 14th Nov Early"]
[Site "Chess.com INT"]
[Date "2023.11.14"]
[Round "6"]
[White "Skliarov, Viktor"]
[Black "Tifferet, Shaked"]
[Result "1-0"]
[WhiteElo "2349"]
[BlackElo "2334"]
[PlyCount "65"]
[EventDate "2023.11.14"]
[EventType "swiss (blitz)"]
[EventRounds "11"]
[EventCountry "USA"]
[SourceTitle "CB47_2023"]
[SourceDate "2023.11.22"]
[SourceVersion "1"]
[SourceVersionDate "2023.11.22"]
[SourceQuality "1"]

1. e4 c5 2. Nf3 a6 3. c3 e6 4. d4 d5 5. e5 Bd7 6. Bd3 Nc6 7. a3 Rc8 8. 0-0 cxd4 9. cxd4 Nge7 10. Nc3 Ng6 11. g3 Qb6 12. Na4 Qa7 13. Be3 Be7 14. h4 f5 15. exf6 gxf6 16. h5 Nf8 17. Rc1 Bd6 18. Nc5 Qb8 19. Kh2 Rg8 20. Rg1 f5 21. Qd2 Kd8 22. Bg5+ Ke8 23. Rge1 Nxd4 24. Nxd4 Rxc5 25. Rxc5 Bxc5 26. Nxf5 Bxf2 27. Qb4 Bxg3+ 28. Kh1 Rg7 29. Nxg7+ Kf7 30. Rf1+ Kxg7 31. Qe7+ Kg8 32. Rxf8+ Qxf8 33. Qxh7# 1-0

[Event "Titled Tuesday intern op 14th Nov Early"]
[Site "Chess.com INT"]
[Date "2023.11.14"]
[Round "11"]
[White "Tifferet, Shaked"]
[Black "Dyulgerov, Volen"]
[Result "1-0"]
[WhiteElo "2334"]
[BlackElo "2200"]
[PlyCount "105"]
[EventDate "2023.11.14"]
[EventType "swiss (blitz)"]
[EventRounds "11"]
[EventCountry "USA"]
[SourceTitle "CB47_2023"]
[SourceDate "2023.11.22"]
[SourceVersion "1"]
[SourceVersionDate "2023.11.22"]
[SourceQuality "1"]

1. e4 c5 2. Nf3 d6 3. Nc3 Nf6 4. e5 dxe5 5. Nxe5 Nbd7 6. d4 Nxe5 7. dxe5 Qxd1+ 8. Nxd1 Nd7 9. f4 b6 10. a4 Bb7 11. Nc3 g5 12. a5 gxf4 13. Bxf4 Rg8 14. Kf2 Rg4 15. Bg3 Bh6 16. Bb5 0-0-0 17. Rhd1 Rd4 18. a6 Ba8 19. Be2 Bf4 20. Nb5 Bxg3+ 21. hxg3 Nxe5 22. Nxa7+ Kb8 23. Nb5 Rxd1 24. Bxd1 Rd2+ 25. Be2 f5 26. Ke3 Rxc2 27. Rh1 Ng4+ 28. Bxg4 fxg4 29. Rxh7 Kc8 30. Rh8+ Kd7 31. Rxa8 Rxb2 32. a7 Rxb5 33. Rd8+ Kxd8 34. a8Q+ Kc7 35. Qa7+ Kc6 36. Qa4 e5 37. Ke4 c4 38. Qxc4+ Rc5 39. Qe6+ Kb5 40. Qd7+ Kb4 41. Qd8 b5 42. Ke3 Rc3+ 43. Ke4 Rc5 44. Qd6 Kc4 45. Qd3+ Kb4 46. Qe2 Ka4 47. Kd3 b4 48. Qa2+ Kb5 49. Qa8 Rc3+ 50. Ke4 b3 51. Qb8+ Ka4 52. Qxe5 Kb4 53. Qd6+ 1-0

[Event "Titled Tuesday intern op 14th Nov Early"]
[Site "Chess.com INT"]
[Date "2023.11.14"]
[Round "2"]
[White "Tifferet, Shaked"]
[Black "Rushbrooke, Remy"]
[Result "1-0"]
[WhiteElo "2334"]
[BlackElo "2049"]
[PlyCount "69"]
[EventDate "2023.11.14"]
[EventType "swiss (blitz)"]
[EventRounds "11"]
[EventCountry "USA"]
[SourceTitle "CB47_2023"]
[SourceDate "2023.11.22"]
[SourceVersion "1"]
[SourceVersionDate "2023.11.22"]
[SourceQuality "1"]

1. e4 e5 2. Nf3 Nf6 3. Nc3 Nc6 4. Be2 d5 5. exd5 Nxd5 6. 0-0 Nxc3 7. bxc3 Bd6 8. d4 e4 9. Nd2 f5 10. Nc4 0-0 11. Nxd6 Qxd6 12. f4 Be6 13. a4 Na5 14. Ba3 Qc6 15. Bxf8 Rxf8 16. Qe1 Nc4 17. Rf2 Bd5 18. Bxc4 Qxc4 19. Qe3 b6 20. h3 Kh8 21. Kh2 g6 22. g4 a5 23. Rg2 Qc6 24. gxf5 Rxf5 25. Rg5 Qf6 26. Rxf5 Qxf5 27. Rg1 h6 28. Rg4 Kh7 29. Rg3 Qd7 30. Qe2 Qxa4 31. f5 gxf5 32. Qh5 Qc6 33. Qxf5+ Kh8 34. Qe5+ Kh7 35. Qg7# 1-0

[Event "Titled Tuesday intern op 14th Nov Early"]
[Site "Chess.com INT"]
[Date "2023.11.14"]
[Round "7"]
[White "Tifferet, Shaked"]
[Black "Weetik, Vjacheslav"]
[Result "0-1"]
[WhiteElo "2334"]
[BlackElo "2423"]
[PlyCount "62"]
[EventDate "2023.11.14"]
[EventType "swiss (blitz)"]
[EventRounds "11"]
[EventCountry "USA"]
[SourceTitle "CB47_2023"]
[SourceDate "2023.11.22"]
[SourceVersion "1"]
[SourceVersionDate "2023.11.22"]
[SourceQuality "1"]

1. e4 c6 2. Nf3 d5 3. Nc3 dxe4 4. Nxe4 Nf6 5. Qe2 Nxe4 6. Qxe4 Nd7 7. Bc4 Nf6 8. Ne5 e6 9. Qe2 b5 10. Bd3 Qc7 11. 0-0 Bd6 12. f4 0-0 13. Rf3 g6 14. b3 Nd5 15. Bb2 Bb7 16. Rh3 Nxf4 17. Qe3 Nxh3+ 18. gxh3 Qb6 19. Bd4 c5 20. Nd7 cxd4 21. Nf6+ Kg7 22. Nh5+ Kh8 23. Qh6 Rg8 24. Nf6 Rg7 25. Rf1 Be7 26. Ng4 Qc6 27. Kf2 f5 28. Ne5 Qg2+ 29. Ke1 Bg5 30. Nxg6+ Rxg6 31. Qh5 Qxd2# 0-1

[Event "Titled Tuesday intern op 24th Oct Late"]
[Site "Chess.com INT"]
[Date "2023.10.24"]
[Round "5"]
[White "Korol, Dimitry"]
[Black "Tifferet, Shaked"]
[Result "0-1"]
[WhiteElo "2287"]
[BlackElo "2334"]
[PlyCount "62"]
[EventDate "2023.10.24"]
[EventType "swiss (blitz)"]
[EventRounds "11"]
[EventCountry "USA"]
[SourceTitle "Mega2024 Update 01"]
[Source "Chessbase"]
[SourceDate "2023.11.12"]
[SourceVersion "1"]
[SourceVersionDate "2023.11.12"]
[SourceQuality "1"]

1. d4 b6 2. c4 Bb7 3. Nc3 e6 4. Qc2 g6 5. e4 Bg7 6. Be3 Ne7 7. h4 Nbc6 8. 0-0-0 h6 9. f3 e5 10. Nge2 d6 11. d5 Na5 12. Ng3 Qd7 13. b4 f5 14. exf5 gxf5 15. Nh5 Ng6 16. Nxg7+ Qxg7 17. bxa5 0-0 18. Bd3 e4 19. fxe4 f4 20. Bd2 bxa5 21. Rdf1 Rab8 22. Nb5 Ba6 23. Bc3 Ne5 24. Nd4 Qg3 25. Nf5 Qxd3 26. Bxe5 Qxc2+ 27. Kxc2 dxe5 28. Nxh6+ Kh7 29. Nf5 Bxc4 30. Rb1 Bxa2 31. Ra1 Bxd5 0-1

[Event "Titled Tuesday intern op 24th Oct Late"]
[Site "Chess.com INT"]
[Date "2023.10.24"]
[Round "3"]
[White "Martinez, Shawn"]
[Black "Tifferet, Shaked"]
[Result "0-1"]
[WhiteElo "1869"]
[BlackElo "2334"]
[PlyCount "40"]
[EventDate "2023.10.24"]
[EventType "swiss (blitz)"]
[EventRounds "11"]
[EventCountry "USA"]
[SourceTitle "Mega2024 Update 01"]
[Source "Chessbase"]
[SourceDate "2023.11.12"]
[SourceVersion "1"]
[SourceVersionDate "2023.11.12"]
[SourceQuality "1"]

1. e4 c5 2. Nc3 a6 3. g3 b5 4. Bg2 Bb7 5. d3 e6 6. Nh3 Nc6 7. 0-0 Nge7 8. f4 g6 9. Nf2 d6 10. Be3 Bg7 11. Qd2 Nd4 12. Rab1 b4 13. Ne2 a5 14. Rfc1 0-0 15. c3 Nxe2+ 16. Qxe2 Rb8 17. Qd2 f5 18. e5 Bxg2 19. Kxg2 dxe5 20. Bxc5 Qd5+ 0-1

[Event "Titled Tuesday intern op 26th Sep Late"]
[Site "Chess.com INT"]
[Date "2023.09.26"]
[Round "5"]
[White "Dyachuk, Artem"]
[Black "Tifferet, Shaked"]
[Result "1-0"]
[WhiteElo "2236"]
[BlackElo "2280"]
[PlyCount "40"]
[EventDate "2023.09.26"]
[EventType "swiss (blitz)"]
[EventRounds "11"]
[EventCountry "USA"]
[SourceTitle "EXT 2024"]
[Source "ChessBase"]
[SourceDate "2023.10.10"]
[SourceVersion "1"]
[SourceVersionDate "2023.10.10"]
[SourceQuality "1"]

1. e4 c5 2. Nf3 a6 3. c4 Nc6 4. d4 cxd4 5. Nxd4 e5 6. Nf5 Nf6 7. Nc3 d5 8. cxd5 Bxf5 9. exf5 Nd4 10. Bd3 Nxd5 11. 0-0 Be7 12. Be4 Nxc3 13. bxc3 Nc6 14. Qf3 Qc7 15. Be3 0-0 16. f6 Bxf6 17. Qf5 Rfd8 18. Qxh7+ Kf8 19. Bc5+ Ke8 20. Qg8+ Kd7 1-0

[Event "Titled Tuesday intern op 26th Sep Late"]
[Site "Chess.com INT"]
[Date "2023.09.26"]
[Round "1"]
[White "Tifferet, Shaked"]
[Black "Grigoriants, Sergey"]
[Result "0-1"]
[WhiteElo "2280"]
[BlackElo "2562"]
[PlyCount "98"]
[EventDate "2023.09.26"]
[EventType "swiss (blitz)"]
[EventRounds "11"]
[EventCountry "USA"]
[SourceTitle "EXT 2024"]
[Source "ChessBase"]
[SourceDate "2023.10.10"]
[SourceVersion "1"]
[SourceVersionDate "2023.10.10"]
[SourceQuality "1"]

1. e4 e6 2. d4 d5 3. e5 c5 4. c3 Nc6 5. Nf3 Bd7 6. a3 c4 7. Nbd2 Nge7 8. g3 Nc8 9. h4 Nb6 10. h5 h6 11. Bh3 Na5 12. 0-0 Ba4 13. Qe2 Be7 14. Re1 Qd7 15. Nf1 Nb3 16. Rb1 Nxc1 17. Rbxc1 0-0-0 18. Ne3 Kb8 19. Ng2 Qe8 20. Nf4 Qg8 21. Kg2 Qh7 22. Rh1 a6 23. Bg4 Ka7 24. Rh2 Rc8 25. Rhh1 Rhd8 26. Ra1 Bd7 27. Rab1 Na4 28. Rhe1 Rc6 29. Qd2 Rb6 30. Ng1 Bxa3 31. Bd1 Qxb1 32. bxa3 Qb2 33. Qe3 Qxc3 34. Qe2 Qxd4 35. Qg4 Nc3 36. Nf3 Qc5 37. Bc2 d4 38. Qxg7 d3 39. Bd1 Nxd1 40. Rxd1 Bc6 41. Qxf7 Qxe5 42. Nxe6 Qxe6 43. Qc7 Bxf3+ 44. Kxf3 Qc6+ 45. Qxc6 Rxc6 46. Ke3 c3 47. g4 c2 48. Rh1 d2 49. f4 d1Q 0-1

[Event "Titled Tuesday intern op 19th Sep Late"]
[Site "Chess.com INT"]
[Date "2023.09.19"]
[Round "4"]
[White "Tifferet, Shaked"]
[Black "Szente Varga, Fruzsina"]
[Result "0-1"]
[WhiteElo "2280"]
[BlackElo "2015"]
[PlyCount "74"]
[EventDate "2023.09.19"]
[EventType "swiss (blitz)"]
[EventRounds "11"]
[EventCountry "USA"]
[SourceTitle "EXT 2024"]
[Source "ChessBase"]
[SourceDate "2023.10.10"]
[SourceVersion "1"]
[SourceVersionDate "2023.10.10"]
[SourceQuality "1"]

1. Nf3 d5 2. e3 Nc6 3. b3 e5 4. Bb5 Bd6 5. Bb2 Qe7 6. d4 e4 7. Ne5 Bd7 8. Nxd7 Qxd7 9. c4 Bb4+ 10. Nc3 a6 11. Ba4 Nge7 12. 0-0 Bxc3 13. Bxc3 0-0 14. Qe2 f5 15. f3 Qe6 16. fxe4 fxe4 17. Rxf8+ Rxf8 18. Rf1 Rxf1+ 19. Qxf1 Nf5 20. Qf4 Nd6 21. cxd5 Qxd5 22. b4 Qxa2 23. Bd1 Qb1 24. Qf1 Nxb4 25. d5 Nxd5 26. Bd4 b6 27. h4 c5 28. Be5 Nxe3 29. Qxa6 Qxd1+ 30. Kh2 Ng4+ 31. Kg3 Nxe5 32. Qxb6 Qd3+ 33. Kf4 Ng6+ 34. Kg4 Qe2+ 35. Kh3 Nf4+ 36. Kg3 Qe3+ 37. Kg4 h5+ 0-1